000 00506nam a22001937a 4500
003 MPLRDC
005 20220104143144.0
008 210129b ||||| |||| 00| 0 eng d
020 _a957-645-898-6
082 _a857.9 XYH-15 v.2
100 _a萧玉寒
245 _a天幻奇侠之幻兵阵. 中: 九天飞狐
_c
250 _a初版
260 _a
_b风云时代出版股份有限公司
_c1997
300 _b
490 _a玄幻武侠
650 _a武侠小说
942 _cBK
_o857.9 XYH-15 v.2
999 _c37164
_d37154